FINANCIAL SERVICES MARKETING (Record no. 23438)

MARC details
000 -LEADER
fixed length control field 00326nam a2200133Ia 4500
008 - FIXED-LENGTH DATA ELEMENTS--GENERAL INFORMATION
fixed length control field 240624s9999 xx 000 0 und d
041 ## - LANGUAGE CODE
Language code of text/sound track or separate title eng
082 ## - DEWEY DECIMAL CLASSIFICATION NUMBER
Classification number 332.1 HAR
100 ## - MAIN ENTRY--PERSONAL NAME
Personal name HARRISON TINA
245 ## - TITLE STATEMENT
Title FINANCIAL SERVICES MARKETING
260 ## - PUBLICATION, DISTRIBUTION, ETC.
Date of publication, distribution, etc. 2000
Place of publication, distribution, etc. Harlow
Name of publisher, distributor, etc. Pearson Education
300 ## - PHYSICAL DESCRIPTION
Extent 352 : p.
365 ## - TRADE PRICE
Currency code GBP
Price amount 25
Holdings
Withdrawn status Lost status Damaged status Not for loan Home library Current library Shelving location Date acquired Source of acquisition Cost, normal purchase price Full call number Barcode Date last seen Copy number Price effective from Koha item type
        IMTN IMTN Rack 9-B 10/09/2014 VBC 49.99 332.1 HAR 23438 06/24/2024 105.1 06/24/2024 Books
Designed & Maintained by: LRC IMT Nagpur Contact: lrc@imtnag.ac.in© 2024. All Rights Reserved.